| 000 | 00892cam a2200277 i 4500 | ||
|---|---|---|---|
| 001 | 1338680804 | ||
| 003 | OSt | ||
| 005 | 20250612085634.0 | ||
| 008 | 220715s2022 sz a 001 0 eng d | ||
| 020 | _a9783031107573 (hardcover) | ||
| 040 |
_aUKMGB _beng _erda _cUKMGB _dNUST |
||
| 050 | 4 | _aTK7871.2 DAI | |
| 100 | 1 |
_aDailey, Denton J _eAuthor |
|
| 245 | 1 | 0 |
_aElectronics for guitarists / _cDenton J. Dailey. |
| 250 | _aThird Edition. | ||
| 260 |
_aCham : _bSpringer, _c©2022. |
||
| 300 |
_axxxii, 485 pages : _bIllustrations ; _c24 cm. |
||
| 336 |
_atext _btxt _2rdacontent |
||
| 337 |
_aunmediated _bn _2rdamedia |
||
| 338 |
_avolume _bnc _2rdacarrier |
||
| 504 | _aIncludes index. | ||
| 650 | 0 | _vElectric circuits. | |
| 650 | 0 | _vAmplifiers (Electronics). | |
| 650 | 0 | _vElectric guitar --Construction. | |
| 942 |
_2lcc _cBOOKS _eThird Edition. _hTK7871.2 DAI _kTK _mDAI _n0 |
||
| 999 |
_c171882 _d171882 |
||